Reinos em 120 segundos - Statistics

Estatísticas Gerais
  • Esse quiz foi jogado 77 vezes
  • A pontuação média é 6 de 18
Estatísticas das Respostas
Países % Correto
Reino Unido da Grã-Bretanha e Irlanda do Norte
100%
Reino da Noruega
66%
Reino da Suécia
66%
Reino de Espanha
64%
Reino da Dinamarca
54%
Reino da Arábia Saudita
39%
Reino dos Países Baixos
37%
Reino da Bélgica
34%
Reino da Tailândia
25%
Reino do Butão
19%
Reino do Bahrein
17%
Reino Haxemita da Jordânia
15%
Reino de Essuatíni
12%
Reino de Marrocos
12%
Reino de Tonga
7%
Reino do Camboja
7%
Reino do Lesoto
7%
Reino da Nova Zelândia
5%
Nenhum quiz correspondente encontrado
Distribuição das Pontuações
Porcentagem de Pessoas com Cada Pontuação
Percentil de Números Respondidos
Sua Pontuação Histórica
Você não jogou esse quiz